Die teuersten Fußballtransfers - Torwarte - Saison 2014-2015 - Statistiken

Allgemein
  • Dieses Quiz wurde 30 mal gespielt
  • Das Durchschnittsergebnis liegt bei 7 aus 10
Antwortstatistiken
Ablöse (M €) Nationalität Abgebender Verein Aufnehmender Verein Spieler % Korrekt
12,00 Deutschland Bor. M'gladbach FC Barcelona Marc-André Ter Stegen
100%
9,00 Schweiz FC Basel Bor. M'gladbach Yann Sommer
100%
16,00 Slowenien Benfica Atlético Madrid Jan Oblak
96%
10,00 Costa Rica UD Levante Real Madrid Keylor Navas
92%
5,50 Deutschland SC Freiburg TSG Hoffenheim Oliver Baumann
88%
12,00 Chile Real Sociedad FC Barcelona Claudio Bravo
84%
8,00 Argentinien FC Málaga Manchester City Willy Caballero
52%
5,70 Niederlande Swansea City Tottenham Michel Vorm
40%
12,50 England Celtic Glasgow Southampton Fraser Forster
28%
6,00 Spanien Atlético Madrid Olymp. Piräus Roberto
20%
Keine übereinstimmenden Quizze gefunden
Verteilung der Resultate
Anzahl Personen mit jedem Resultat
Perzentil nach korrekt beantworteten Fragen
Ihre Resultats-Entwicklung
Sie haben dieses Quiz noch nicht gespielt